| 000 -LEADER | |
|---|---|
| fixed length control field | 00393nam a22001697a 4500 |
| 005 - DATE AND TIME OF LATEST TRANSACTION | |
| control field | 20160629163857.0 |
| 008 - FIXED-LENGTH DATA ELEMENTS--GENERAL INFORMATION | |
| fixed length control field | 160629b xxu||||| |||| 00| 0 eng d |
| 020 ## - INTERNATIONAL STANDARD BOOK NUMBER | |
| ISBN | 81-89757-20-2 |
| 041 ## - LANGUAGE CODE | |
| Language code of text/sound track or separate title | eng |
| 082 ## - DEWEY DECIMAL CLASSIFICATION NUMBER | |
| Item number | 12797 |
| 100 ## - MAIN ENTRY--AUTHOR NAME | |
| Personal name | Sharma, Dr P.C |
| 245 ## - TITLE STATEMENT | |
| Title | Power Plant Engineering |
| 260 ## - PUBLICATION, DISTRIBUTION, ETC. (IMPRINT) | |
| Name of publisher | Katson |
| Year of publication | 2012 |
| 300 ## - PHYSICAL DESCRIPTION | |
| Number of Pages | 722 |
| 650 ## - SUBJECT ADDED ENTRY--TOPICAL TERM | |
| Topical Term | Diploma Engineering |
| 942 ## - ADDED ENTRY ELEMENTS (KOHA) | |
| Koha item type | Books |
| Lost status | Damaged status | Home library | Current library | Shelving location | Date acquired | Cost, normal purchase price | Full call number | Accession Number | Koha item type |
|---|---|---|---|---|---|---|---|---|---|
| JRU Library | SHELF-38-E | 29/06/2016 | 265.00 | 12797 | 12797 | Books | |||
| JRU Library | 29/06/2016 | 265.00 | 12797 | 12798 | Books | ||||
| JRU Library | SHELF-38-E | 29/06/2016 | 265.00 | 12797 | 12799 | Books | |||
| JRU Library | SHELF-38-E | 29/06/2016 | 265.00 | 12797 | 12800 | Books | |||
| JRU Library | SHELF-45-L | 29/06/2016 | 265.00 | 12797 | 12801 | Books | |||
| JRU Library | SHELF-38-F | 29/06/2016 | 265.00 | 12797 | 12802 | Books | |||
| JRU Library | SHELF-38-E | 29/06/2016 | 265.00 | 12797 | 12803 | Books | |||
| JRU Library | SHELF-38-E | 29/06/2016 | 265.00 | 12797 | 12804 | Books | |||
| JRU Library | SHELF-38-C | 29/06/2016 | 265.00 | 12797 | 12805 | Books | |||
| JRU Library | SHELF-38-C | 29/06/2016 | 265.00 | 12797 | 12806 | Books | |||
| JRU Library | SHELF-38-F | 29/06/2016 | 265.00 | 12797 | 12807 | Books | |||
| JRU Library | SHELF-38-F | 29/06/2016 | 265.00 | 12797 | 12808 | Books | |||
| JRU Library | SHELF-38-C | 29/06/2016 | 265.00 | 12797 | 12809 | Books | |||
| JRU Library | SHELF-38-E | 29/06/2016 | 265.00 | 12797 | 12810 | Books | |||
| Lost and Paid For | JRU Library | 29/06/2016 | 265.00 | 12797 | 12811 | Books | |||
| JRU Library | SHELF-38-G | 29/06/2016 | 265.00 | 12797 | 12812 | Books | |||
| JRU Library | 29/06/2016 | 265.00 | 12797 | 12813 | Books | ||||
| JRU Library | SHELF-38-G | 29/06/2016 | 265.00 | 12797 | 12814 | Books | |||
| JRU Library | SHELF-38-G | 29/06/2016 | 265.00 | 12797 | 12815 | Books | |||
| JRU Library | SHELF-38-C | 29/06/2016 | 265.00 | 12797 | 12816 | Books | |||
| JRU Library | SHELF-45-L | 29/06/2016 | 265.00 | 12797 | 12817 | Books | |||
| JRU Library | SHELF-38-C | 29/06/2016 | 265.00 | 12797 | 12818 | Books | |||
| JRU Library | SHELF-38-C | 29/06/2016 | 265.00 | 12797 | 12819 | Books |